Подробности
| 000 -МАРКЕР |
| контрольное поле |
01361nam2a22002771 4500 |
| 001 - ИДЕНТИФИКАТОР ЗАПИСИ |
| контрольное поле |
rc\4076533 |
| 005 - ИДЕНТИФИКАТОР ВЕРСИИ |
| контрольное поле |
20250611081955.0 |
| 021 ## - НОМЕР ГОСУДАРСТВЕННОЙ РЕГИСТРАЦИИ |
| Код страны |
Российская Федерация |
| Номер |
[56-56868] |
| 035 ## - ДРУГИЕ СИСТЕМНЫЕ НОМЕРА |
| Идентификатор записи |
(NLR Aleph) 008123188 |
| 100 ## - ДАННЫЕ ОБЩЕЙ ОБРАБОТКИ |
| Данные общей обработки |
20130415d1956 |||y0rusy50 ca |
| 101 0# - ЯЗЫК РЕСУРСА |
| Язык текста, звукозаписи и т.д. |
русский |
| 102 ## - СТРАНА ПУБЛИКАЦИИ ИЛИ ПРОИЗВОДСТВА |
| Страна публикации |
Российская Федерация |
| 105 ## - ПОЛЕ КОДИРОВАННЫХ ДАННЫХ: ТЕКСТОВЫЕ МАТЕРИАЛЫ, МОНОГРАФИЧЕСКИЕ |
| Кодированные данные о монографическом текстовом документе |
a z ||||| |
| 200 0# - ЗАГЛАВИЕ И СВЕДЕНИЯ ОБ ОТВЕТСТВЕННОСТИ |
| Основное заглавие |
Ч. 2 |
| Первые сведения об ответственности |
(С прил. статей Н.Б. Вассоевича и К.В. Бабкова) |
| 210 ## - ПУБЛИКАЦИЯ, РАСПРОСТРАНЕНИЕ И ДР. |
| Дата издания, распространения и т.д. |
1956 |
| Место издания, распространения и т.д. |
Б. м. |
| 215 ## - ФИЗИЧЕСКАЯ ХАРАКТЕРИСТИКА |
| Специфическое обозначение материала и объем |
312 с., 11 л. схем. |
| Другие сведения о физической характеристике |
ил. |
| Размеры |
27 |
| 320 ## - ПРИМЕЧАНИЯ О НАЛИЧИИ В ДОКУМЕНТЕ БИБЛИОГРАФИИ / УКАЗАТЕЛЯ |
| Текст примечания |
Библиогр.: с. 235-238 (96 назв.) |
| 461 #0 - УРОВЕНЬ НАБОРА |
| Встроенное поле |
001rc\4076531 |
| -- |
2001#$aЛитология кайнозойских моласс Средней Азии$e[Ч. 1]-$fАкад. наук Узб. ССР. Ин-т геологии$vЧ. 2 |
| -- |
700#1$aПопов$bВ.И.$f1907-$gВладимир Иванович |
| Системный номер (АБИС) связанной записи |
9376572 |
| Автор |
Попов, В. И. (д-р геол.-минерал. наук ; 1907-1991) |
| Место публикации |
Ташкент |
| Дата публикации |
1954 |
| Первые сведения об ответственности |
Акад. наук Узб. ССР. Ин-т геологии |
| Имя издателя, распространителя и т.д. |
Изд-во Акад. наук УзССР |
| Сведения, относящиеся к заглавию |
[Ч. 1]- |
| Заглавие |
Литология кайнозойских моласс Средней Азии |
| Номер тома |
Ч. 2 |
| 702 #1 - ИМЯ ЛИЦА - ВТОРИЧНАЯ ОТВЕТСТВЕННОСТЬ |
| Начальный элемент ввода |
Вассоевич |
| Часть имени, кроме начального элемента ввода |
Н.Б. |
| Код отношения |
Прочие |
| 702 #1 - ИМЯ ЛИЦА - ВТОРИЧНАЯ ОТВЕТСТВЕННОСТЬ |
| Начальный элемент ввода |
Бабков |
| Часть имени, кроме начального элемента ввода |
К.В. |
| Код отношения |
Прочие |
| 801 #0 - ИСТОЧНИК ЗАПИСИ |
| Страна |
Российская Федерация |
| Организация |
NLR |
| Правила каталогизации |
psbo |
| 801 #1 - ИСТОЧНИК ЗАПИСИ |
| Страна |
Российская Федерация |
| Организация |
ELAR |
| Источник данных |
rusmarc |
| 852 ## - МЕСТОНАХОЖДЕНИЕ И ШИФР ХРАНЕНИЯ |
| Идентификатор организации |
NLR |
| Шифр хранения (Call Number) |
Гн02 Г-7/187 |
| 942 ## - ДОПОЛНИТЕЛЬНЫЕ ЭЛЕМЕНТЫ ЗАПИСИ (АБИС) |
| Тип экземпляра АБИС |
Книга |
| 980 ## - КОЛЛЕКЦИЯ |
| Название коллекции |
Национальная библиография |